<?xml version="1.0" encoding="UTF-8"?>
<record
    xmlns:xsi="http://www.w3.org/2001/XMLSchema-instance"
    xsi:schemaLocation="http://www.loc.gov/MARC21/slim http://www.loc.gov/standards/marcxml/schema/MARC21slim.xsd"
    xmlns="http://www.loc.gov/MARC21/slim">

  <leader>00893nam a2200265 a 4500</leader>
  <controlfield tag="001">81860</controlfield>
  <controlfield tag="003">BD-RjUL</controlfield>
  <controlfield tag="005">20230907110012.0</controlfield>
  <controlfield tag="008">230907s2021    ii ||||| |||| 00| 0 eng d</controlfield>
  <datafield tag="020" ind1=" " ind2=" ">
    <subfield code="a">9789380568447 (2nd Part)</subfield>
  </datafield>
  <datafield tag="020" ind1=" " ind2=" ">
    <subfield code="a">9789380568454 (Set)</subfield>
  </datafield>
  <datafield tag="035" ind1=" " ind2=" ">
    <subfield code="a">(BD-RjUL)81860)</subfield>
  </datafield>
  <datafield tag="040" ind1=" " ind2=" ">
    <subfield code="a">BD-RjUL</subfield>
    <subfield code="b">eng</subfield>
    <subfield code="c">BD-RjUL</subfield>
  </datafield>
  <datafield tag="041" ind1=" " ind2=" ">
    <subfield code="a">ben</subfield>
  </datafield>
  <datafield tag="082" ind1=" " ind2=" ">
    <subfield code="2">23</subfield>
    <subfield code="a">780</subfield>
    <subfield code="b">PRR 2016</subfield>
  </datafield>
  <datafield tag="100" ind1=" " ind2=" ">
    <subfield code="a">&#x9AA;&#x9CD;&#x9B0;&#x99C;&#x9CD;&#x99E;&#x9BE;&#x9A8;&#x9BE;&#x9A8;&#x9A8;&#x9CD;&#x9A6;, &#x9B8;&#x9CD;&#x9AC;&#x9BE;&#x9AE;&#x9C0; </subfield>
    <subfield code="9">3526</subfield>
  </datafield>
  <datafield tag="245" ind1="1" ind2="0">
    <subfield code="a">&#x9B0;&#x9BE;&#x997; &#x993; &#x9B0;&#x9C2;&#x9AA; / </subfield>
    <subfield code="c">&#x9B8;&#x9CD;&#x9AC;&#x9BE;&#x9AE;&#x9C0; &#x9AA;&#x9CD;&#x9B0;&#x99C;&#x9CD;&#x99E;&#x9BE;&#x9A8;&#x9BE;&#x9A8;&#x9A8;&#x9CD;&#x9A6;</subfield>
  </datafield>
  <datafield tag="250" ind1=" " ind2=" ">
    <subfield code="a"> &#x9EA;&#x9B0;&#x9CD;&#x9A5; &#x9B8;&#x982;.</subfield>
  </datafield>
  <datafield tag="260" ind1=" " ind2=" ">
    <subfield code="a">&#x995;&#x9B2;&#x995;&#x9BE;&#x9A4;&#x9BE; :</subfield>
    <subfield code="b">&#x9B0;&#x9BE;&#x9AE;&#x995;&#x9C3;&#x9B7;&#x9CD;&#x9A3; &#x9AC;&#x9C7;&#x9A6;&#x9BE;&#x9A8;&#x9CD;&#x9A4; &#x9AE;&#x9A0;,</subfield>
    <subfield code="c">&#x9E8;&#x9E6;&#x9E7;&#x9EC; </subfield>
  </datafield>
  <datafield tag="300" ind1=" " ind2=" ">
    <subfield code="a">&#x996;&#x9A3;&#x9CD;&#x9A1;;</subfield>
    <subfield code="c">&#x9E8;&#x9EA; &#x9B8;&#x9C7;&#x9AE;&#x9BF;.</subfield>
  </datafield>
  <datafield tag="505" ind1="0" ind2="1">
    <subfield code="a">&#x996;&#x9A3;&#x9CD;&#x9A1;. &#x9E8;&#x9AF;&#x9BC; &#x9AD;&#x9BE;&#x997;--</subfield>
  </datafield>
  <datafield tag="650" ind1=" " ind2=" ">
    <subfield code="a">&#x9B8;&#x999;&#x9CD;&#x997;&#x9C0;&#x9A4;</subfield>
  </datafield>
  <datafield tag="650" ind1=" " ind2=" ">
    <subfield code="a">Music</subfield>
  </datafield>
  <datafield tag="942" ind1=" " ind2=" ">
    <subfield code="2">ddc</subfield>
    <subfield code="c">BK</subfield>
  </datafield>
  <datafield tag="999" ind1=" " ind2=" ">
    <subfield code="c">81860</subfield>
    <subfield code="d">81860</subfield>
  </datafield>
  <datafield tag="952" ind1=" " ind2=" ">
    <subfield code="0">0</subfield>
    <subfield code="1">0</subfield>
    <subfield code="2">ddc</subfield>
    <subfield code="4">0</subfield>
    <subfield code="7">1</subfield>
    <subfield code="8">NFIC</subfield>
    <subfield code="a">RUCL</subfield>
    <subfield code="b">RUCL</subfield>
    <subfield code="c">Reading</subfield>
    <subfield code="d">2023-06-05</subfield>
    <subfield code="e">Dhaka : Page mark</subfield>
    <subfield code="g">400.00</subfield>
    <subfield code="o">B 780 PRR Pt-2 2016</subfield>
    <subfield code="r">2023-09-07 00:00:00</subfield>
    <subfield code="t">C-1</subfield>
    <subfield code="y">BK</subfield>
  </datafield>
  <datafield tag="952" ind1=" " ind2=" ">
    <subfield code="0">0</subfield>
    <subfield code="1">0</subfield>
    <subfield code="2">ddc</subfield>
    <subfield code="4">0</subfield>
    <subfield code="7">0</subfield>
    <subfield code="8">NFIC</subfield>
    <subfield code="a">RUCL</subfield>
    <subfield code="b">RUCL</subfield>
    <subfield code="c">GEN</subfield>
    <subfield code="d">2023-06-05</subfield>
    <subfield code="e">Dhaka : Page mark</subfield>
    <subfield code="g">400.00</subfield>
    <subfield code="o">B 780 PRR Pt-2 2016</subfield>
    <subfield code="r">2023-09-07 00:00:00</subfield>
    <subfield code="t">C-2</subfield>
    <subfield code="y">BK</subfield>
  </datafield>
  <datafield tag="952" ind1=" " ind2=" ">
    <subfield code="0">0</subfield>
    <subfield code="1">0</subfield>
    <subfield code="2">ddc</subfield>
    <subfield code="4">0</subfield>
    <subfield code="7">0</subfield>
    <subfield code="8">NFIC</subfield>
    <subfield code="a">RUCL</subfield>
    <subfield code="b">RUCL</subfield>
    <subfield code="c">GEN</subfield>
    <subfield code="d">2023-06-05</subfield>
    <subfield code="e">Dhaka : Page mark</subfield>
    <subfield code="g">400.00</subfield>
    <subfield code="l">0</subfield>
    <subfield code="o">B 780 PRR Pt-2 2016</subfield>
    <subfield code="r">2023-09-07 00:00:00</subfield>
    <subfield code="t">C-3</subfield>
    <subfield code="w">2023-09-07</subfield>
    <subfield code="y">BK</subfield>
  </datafield>
  <datafield tag="952" ind1=" " ind2=" ">
    <subfield code="0">0</subfield>
    <subfield code="1">0</subfield>
    <subfield code="2">ddc</subfield>
    <subfield code="4">0</subfield>
    <subfield code="7">0</subfield>
    <subfield code="8">NFIC</subfield>
    <subfield code="a">RUCL</subfield>
    <subfield code="b">RUCL</subfield>
    <subfield code="c">GEN</subfield>
    <subfield code="d">2023-06-05</subfield>
    <subfield code="e">Dhaka : Page mark</subfield>
    <subfield code="g">400.00</subfield>
    <subfield code="l">0</subfield>
    <subfield code="o">B 780 PRR Pt-2 2016</subfield>
    <subfield code="r">2023-09-07 00:00:00</subfield>
    <subfield code="t">C-4</subfield>
    <subfield code="w">2023-09-07</subfield>
    <subfield code="y">BK</subfield>
  </datafield>
  <datafield tag="952" ind1=" " ind2=" ">
    <subfield code="0">0</subfield>
    <subfield code="1">0</subfield>
    <subfield code="2">ddc</subfield>
    <subfield code="4">0</subfield>
    <subfield code="7">0</subfield>
    <subfield code="8">NFIC</subfield>
    <subfield code="a">RUCL</subfield>
    <subfield code="b">RUCL</subfield>
    <subfield code="c">GEN</subfield>
    <subfield code="d">2023-06-05</subfield>
    <subfield code="e">Dhaka : Page mark</subfield>
    <subfield code="g">400.00</subfield>
    <subfield code="l">0</subfield>
    <subfield code="o">B 780 PRR Pt-2 2016</subfield>
    <subfield code="r">2023-09-07 00:00:00</subfield>
    <subfield code="t">C-5</subfield>
    <subfield code="w">2023-09-07</subfield>
    <subfield code="y">BK</subfield>
  </datafield>
  <datafield tag="952" ind1=" " ind2=" ">
    <subfield code="0">0</subfield>
    <subfield code="1">0</subfield>
    <subfield code="2">ddc</subfield>
    <subfield code="4">0</subfield>
    <subfield code="7">0</subfield>
    <subfield code="8">NFIC</subfield>
    <subfield code="a">RUCL</subfield>
    <subfield code="b">RUCL</subfield>
    <subfield code="c">GEN</subfield>
    <subfield code="d">2023-08-21</subfield>
    <subfield code="e">Dhaka : BM Book</subfield>
    <subfield code="g">890.00</subfield>
    <subfield code="o">B 780 PRR Pt-2 2016</subfield>
    <subfield code="r">2023-10-02 00:00:00</subfield>
    <subfield code="t">C-6</subfield>
    <subfield code="y">BK</subfield>
  </datafield>
  <datafield tag="952" ind1=" " ind2=" ">
    <subfield code="0">0</subfield>
    <subfield code="1">0</subfield>
    <subfield code="2">ddc</subfield>
    <subfield code="4">0</subfield>
    <subfield code="7">0</subfield>
    <subfield code="8">NFIC</subfield>
    <subfield code="a">RUCL</subfield>
    <subfield code="b">RUCL</subfield>
    <subfield code="c">GEN</subfield>
    <subfield code="d">2023-08-21</subfield>
    <subfield code="e">Dhaka : BM Book</subfield>
    <subfield code="g">890.00</subfield>
    <subfield code="l">0</subfield>
    <subfield code="o">B 780 PRR Pt-2 2016</subfield>
    <subfield code="r">2023-10-02 00:00:00</subfield>
    <subfield code="t">C-7</subfield>
    <subfield code="w">2023-10-02</subfield>
    <subfield code="y">BK</subfield>
  </datafield>
  <datafield tag="952" ind1=" " ind2=" ">
    <subfield code="0">0</subfield>
    <subfield code="1">0</subfield>
    <subfield code="2">ddc</subfield>
    <subfield code="4">0</subfield>
    <subfield code="7">0</subfield>
    <subfield code="8">NFIC</subfield>
    <subfield code="a">RUCL</subfield>
    <subfield code="b">RUCL</subfield>
    <subfield code="c">GEN</subfield>
    <subfield code="d">2023-08-21</subfield>
    <subfield code="e">Dhaka : BM Book</subfield>
    <subfield code="g">890.00</subfield>
    <subfield code="l">0</subfield>
    <subfield code="o">B 780 PRR Pt-2 2016</subfield>
    <subfield code="r">2023-10-02 00:00:00</subfield>
    <subfield code="t">C-8</subfield>
    <subfield code="w">2023-10-02</subfield>
    <subfield code="y">BK</subfield>
  </datafield>
  <datafield tag="952" ind1=" " ind2=" ">
    <subfield code="0">0</subfield>
    <subfield code="1">0</subfield>
    <subfield code="2">ddc</subfield>
    <subfield code="4">0</subfield>
    <subfield code="7">0</subfield>
    <subfield code="8">NFIC</subfield>
    <subfield code="a">RUCL</subfield>
    <subfield code="b">RUCL</subfield>
    <subfield code="c">GEN</subfield>
    <subfield code="d">2023-08-21</subfield>
    <subfield code="e">Dhaka : BM Book</subfield>
    <subfield code="g">890.00</subfield>
    <subfield code="l">0</subfield>
    <subfield code="o">B 780 PRR Pt-2 2016</subfield>
    <subfield code="r">2023-10-02 00:00:00</subfield>
    <subfield code="t">C-9</subfield>
    <subfield code="w">2023-10-02</subfield>
    <subfield code="y">BK</subfield>
  </datafield>
  <datafield tag="952" ind1=" " ind2=" ">
    <subfield code="0">0</subfield>
    <subfield code="1">0</subfield>
    <subfield code="2">ddc</subfield>
    <subfield code="4">0</subfield>
    <subfield code="7">0</subfield>
    <subfield code="8">NFIC</subfield>
    <subfield code="a">RUCL</subfield>
    <subfield code="b">RUCL</subfield>
    <subfield code="c">GEN</subfield>
    <subfield code="d">2023-08-21</subfield>
    <subfield code="e">Dhaka : BM Book</subfield>
    <subfield code="g">890.00</subfield>
    <subfield code="l">0</subfield>
    <subfield code="o">B 780 PRR Pt-2 2016</subfield>
    <subfield code="r">2023-10-02 00:00:00</subfield>
    <subfield code="t">C-10</subfield>
    <subfield code="w">2023-10-02</subfield>
    <subfield code="y">BK</subfield>
  </datafield>
</record>
